000 00563nam a2200181 4500
999 _c189842
_d189842
005 20220713155429.0
010 _aENG-133521
020 _a9789390961832
_c495.00
035 _aEN-117053
037 _bDBAD/PUB
082 _aS
100 _aBarua , A C
245 _a Nobody's Grandmother:
_bStories From Inside An Elderly Home
_cA C Barua
260 _aNew Delhi
_bVitasta Publishingb Pvt Ltd
_c2022
270 _bNew Delhi
_a 2/15, Ansari Road , daryaganj
_e110002
_minfo@vitastapublishing.com
300 _axx;329p.
_c20cm. (pbk)
942 _2ddc
_cEN
_hS
_mBAR